[Event "TCh-CHN Division A 2014"]
[Site "Jiangmen CHN"]
[Date "2014.04.12"]
[Round "1.5"]
[White "Li, Yunshan"]
[Black "Huang, Qian"]
[Result "0-1"]
[WhiteTitle "WFM"]
[BlackTitle "WGM"]
[WhiteElo "1951"]
[BlackElo "2464"]
[WhiteTeam "Chengdu"]
[BlackTeam "Chongqing"]
[WhiteFideId "8607664"]
[BlackFideId "8602689"]
[EventDate "2014.04.12"]

1. d4 d5 2. c4 dxc4 3. Nf3 c5 4. e3 cxd4 5. exd4 Be6 6. Qa4+ Qd7 7. Qxd7+ Nxd7
8. Nc3 Rc8 9. d5 Bg4 10. Be3 a6 11. a4 e6 12. dxe6 Bxe6 13. Nd4 Ngf6 14. Nxe6
fxe6 15. Be2 Bc5 16. Bxc5 Rxc5 17. a5 Ne5 18. Ra4 Ke7 19. O-O Rd8 20. Rb4 Rd7
21. Rd1 Nd5 22. Ra4 Nxc3 23. Rxd7+ Kxd7 24. bxc3 Nc6 25. Bxc4 Rxa5 26. Rxa5 Nxa5
27. Ba2 Nc6 28. Kf1 b5 29. Ke2 a5 30. Kd3 a4 31. Ke4 b4 32. Bc4 a3 33. cxb4 Nxb4
34. Ke5 Ke7 35. f4 a2 36. Bxa2 Nxa2 37. g4 Nb4 38. f5 exf5 39. Kxf5 Kf7 0-1

[Event "TCh-CHN Division A 2014"]
[Site "Jiangmen CHN"]
[Date "2014.04.12"]
[Round "1.5"]
[White "Ren, Xiaoyi"]
[Black "Tan, Zhongyi"]
[Result "0-1"]
[BlackTitle "WGM"]
[WhiteElo "2130"]
[BlackElo "2465"]
[WhiteTeam "Chengdu"]
[BlackTeam "Chongqing"]
[WhiteFideId "8608709"]
[BlackFideId "8603642"]
[EventDate "2014.04.12"]

1. d4 Nf6 2. c4 e6 3. Bf4 b6 4. Nc3 Bb7 5. Nf3 Bb4 6. e3 Ne4 7. Rc1 O-O 8. Bd3
Bxc3+ 9. bxc3 d6 10. O-O Nd7 11. Nd2 f5 12. f3 Nxd2 13. Qxd2 e5 14. Bg3 Qe7 15.
Rce1 Rad8 16. e4 f4 17. Bf2 c5 18. Rb1 Bc6 19. Bc2 g5 20. g4 fxg3 21. Bxg3 Rf7
22. Rbd1 Rg7 23. h3 Rg6 24. Kh2 Rf8 25. Rf2 Nf6 26. Kg2 Nh5 27. Rh1 Kh8 28. Bh2
Bd7 29. dxe5 dxe5 30. Bxe5+ Qxe5 31. Qxd7 Qg3+ 32. Kf1 Rxf3 33. Rh2 Rgf6 34.
Qd8+ Kg7 35. Qd7+ Kh6 36. Qd2 Qxh2 0-1

[Event "TCh-CHN Division A 2014"]
[Site "Jiangmen CHN"]
[Date "2014.04.12"]
[Round "1.6"]
[White "Zhou, Jianchao"]
[Black "Li, Wenxiang"]
[Result "1-0"]
[WhiteTitle "GM"]
[WhiteElo "2590"]
[BlackElo "1846"]
[WhiteTeam "Shanghai"]
[BlackTeam "Qingdao Qingwei"]
[WhiteFideId "8603537"]
[BlackFideId "8609748"]
[EventDate "2014.04.12"]

1. c4 Nf6 2. d4 g6 3. Nc3 d5 4. Nf3 Bg7 5. Qb3 dxc4 6. Qxc4 O-O 7. e4 Bg4 8. Be3
Nfd7 9. O-O-O Nb6 10. Qc5 N8d7 11. Qg5 Bxf3 12. gxf3 e5 13. Qxd8 Rfxd8 14. d5 a6
15. Kb1 Nc8 16. Rc1 Nd6 17. Ne2 Rac8 18. Bh3 f5 19. Rc2 Nf6 20. Ng3 f4 21. Bxc8
Nxc8 22. Bxf4 exf4 23. Ne2 g5 24. Rg1 h6 25. h4 Nh7 26. Nxf4 Rd7 27. Ne6 Be5 28.
hxg5 hxg5 29. f4 1-0

[Event "TCh-CHN Division A 2014"]
[Site "Jiangmen CHN"]
[Date "2014.04.12"]
[Round "1.6"]
[White "Lou, Yiping"]
[Black "Zhou, Jiangnan"]
[Result "1-0"]
[WhiteTitle "IM"]
[WhiteElo "2461"]
[BlackElo "2100"]
[WhiteTeam "Shanghai"]
[BlackTeam "Qingdao Qingwei"]
[WhiteFideId "8603928"]
[BlackFideId "8609918"]
[EventDate "2014.04.12"]

1. Nf3 Nf6 2. d4 g6 3. c4 Bg7 4. Nc3 O-O 5. e4 d6 6. h3 c6 7. Be3 Qa5 8. Bd3
Nbd7 9. O-O e5 10. Re1 exd4 11. Nxd4 Re8 12. Rb1 Qc7 13. b4 a5 14. a3 axb4 15.
axb4 Ne5 16. Bf1 Be6 17. Nxe6 Rxe6 18. Qb3 Ned7 19. Bd3 Rae8 20. Rbd1 Nh5 21.
Bb1 Be5 22. Ne2 Bg7 23. Rd2 Nhf6 24. Nc3 Qd8 25. Red1 Qe7 26. Bf4 Ne5 27. Bxe5
dxe5 28. c5 Nh5 29. Ne2 Qg5 30. Ba2 R6e7 31. Rd8 Rxd8 32. Rxd8+ Bf8 33. Qd3 Nf4
34. Nxf4 Qxf4 35. g3 Qf6 36. Qd6 Qg5 37. h4 Qc1+ 38. Kg2 Kg7 39. Rxf8 1-0

[Event "TCh-CHN Division A 2014"]
[Site "Jiangmen CHN"]
[Date "2014.04.12"]
[Round "1.6"]
[White "Ni, Hua"]
[Black "Fang, Yuxiang"]
[Result "1-0"]
[WhiteTitle "GM"]
[WhiteElo "2677"]
[BlackElo "2324"]
[WhiteTeam "Shanghai"]
[BlackTeam "Qingdao Qingwei"]
[WhiteFideId "8601160"]
[BlackFideId "8605840"]
[EventDate "2014.04.12"]

1. e4 e6 2. d4 d5 3. Nd2 dxe4 4. Nxe4 Nd7 5. Nf3 Ngf6 6. Nxf6+ Nxf6 7. c3 Be7 8.
Bd3 O-O 9. Qe2 b6 10. Bf4 Bb7 11. Rd1 Qc8 12. O-O c5 13. Be5 Nd7 14. Bg3 Rd8 15.
Rfe1 Bf6 16. h4 h6 17. h5 a6 18. Ne5 Bxe5 19. dxe5 Qc6 20. f3 Nf8 21. Bh4 Rd7
22. Bc2 b5 23. Rxd7 Nxd7 24. Qd3 Nf8 25. Be7 c4 26. Qd4 Nd7 27. Re4 Qb6 28. Bd6
Rc8 29. Kf2 Qxd4+ 30. Rxd4 Nb6 31. g4 Na4 32. Ba3 Bd5 33. Ke3 a5 34. Rd2 Nb6 35.
Bd6 Na4 36. Bd1 Nc5 37. Bxc5 Rxc5 38. f4 Kf8 39. Bf3 Bxf3 40. Kxf3 Ke7 41. Rd6
b4 42. Ke4 bxc3 43. bxc3 f6 44. a4 fxe5 45. fxe5 Rc8 46. Kd4 Rf8 47. Kxc4 Rf1
48. Ra6 Rf4+ 49. Kb5 Re4 50. Ra7+ Kf8 51. c4 Rxe5+ 52. c5 Rd5 53. Kb6 Rd1 54. c6
Rb1+ 55. Kxa5 Rc1 56. Kb6 Rb1+ 57. Kc5 1-0

[Event "TCh-CHN Division A 2014"]
[Site "Jiangmen CHN"]
[Date "2014.04.12"]
[Round "1.6"]
[White "Yang, Yingxia"]
[Black "Zhang, Xiaowen"]
[Result "0-1"]
[BlackTitle "WGM"]
[WhiteElo "1827"]
[BlackElo "2355"]
[WhiteTeam "Qingdao Qingwei"]
[BlackTeam "Shanghai"]
[WhiteFideId "8609837"]
[BlackFideId "8603219"]
[EventDate "2014.04.12"]

1. d4 Nf6 2. c4 g6 3. Nc3 Bg7 4. e4 d6 5. f3 O-O 6. Be3 c6 7. Qd2 a6 8. Bd3 b5
9. cxb5 axb5 10. Nge2 Nbd7 11. O-O b4 12. Nd1 c5 13. dxc5 dxc5 14. Nf2 Qa5 15.
a3 Ne5 16. Qc1 c4 17. Bc2 b3 18. Bd1 Rd8 19. Nc3 Ba6 20. f4 Nd3 21. Nxd3 cxd3
22. Qd2 Rac8 23. e5 Nd5 24. Nxd5 Qxd5 25. Rf2 f6 26. Qb4 fxe5 27. fxe5 Bc4 28.
Bg4 e6 29. Bg5 Rd7 30. Bf6 Bh6 31. Kh1 Qd4 32. Bxe6+ Bxe6 33. Qe1 d2 0-1

[Event "TCh-CHN Division A 2014"]
[Site "Jiangmen CHN"]
[Date "2014.04.12"]
[Round "1.6"]
[White "Lv, Jingen"]
[Black "Ju, Wenjun"]
[Result "0-1"]
[BlackTitle "WGM"]
[WhiteElo "1823"]
[BlackElo "2582"]
[WhiteTeam "Qingdao Qingwei"]
[BlackTeam "Shanghai"]
[WhiteFideId "8610509"]
[BlackFideId "8603006"]
[EventDate "2014.04.12"]

1. e4 c5 2. Nf3 Nc6 3. d4 cxd4 4. Nxd4 Nf6 5. Nc3 d6 6. Bb5 Bd7 7. Bg5 e6 8.
Bxc6 bxc6 9. O-O Be7 10. Qf3 Qc7 11. Rfe1 h6 12. Be3 Rb8 13. Nb3 e5 14. Qg3 Nh5
15. Qf3 g6 16. Rad1 Be6 17. h3 Kf8 18. Qe2 Kg7 19. Qa6 Ra8 20. Na5 Rhc8 21. Nc4
g5 22. Rd2 Nf6 23. Na3 d5 24. exd5 cxd5 25. Ncb5 Qd7 26. Rde2 Rc6 27. Qa5 a6 28.
Nb1 Qb7 29. N5a3 Bb4 30. Qa4 Bxe1 31. Rxe1 Rac8 32. Bc1 Ne4 33. f3 Nc5 34. Qa5
Nd3 35. cxd3 Rxc1 36. b3 Qa7+ 37. Kf1 Qe3 38. Qd2 Rxe1+ 39. Qxe1 Rc1 0-1

[Event "TCh-CHN Division A 2014"]
[Site "Jiangmen CHN"]
[Date "2014.04.13"]
[Round "2.1"]
[White "Yu, Yangyi"]
[Black "Li, Wenxiang"]
[Result "1-0"]
[WhiteTitle "GM"]
[WhiteElo "2705"]
[BlackElo "1846"]
[WhiteTeam "Beijing"]
[BlackTeam "Qingdao Qingwei"]
[WhiteFideId "8603820"]
[BlackFideId "8609748"]
[EventDate "2014.04.12"]

1. e4 c6 2. d4 d5 3. e5 Bf5 4. Nf3 e6 5. Be2 Nd7 6. O-O Ne7 7. Nh4 Bg6 8. Nd2
Nf5 9. Nxg6 hxg6 10. Nf3 Be7 11. c3 Qb6 12. a4 a5 13. g3 Rc8 14. Kg2 Qc7 15. Bf4
O-O 16. h4 c5 17. Bb5 cxd4 18. cxd4 Nb6 19. Rc1 Qd8 20. Rh1 Rxc1 21. Qxc1 Qc8
22. Qd1 Nc4 23. Qe2 b6 24. Rc1 Qb7 25. b3 Na3 26. Ba6 Qd7 27. g4 Nh6 28. Kg3 Rb8
29. Qd2 Bf8 30. Qc3 Qa7 31. Qd3 Qd7 32. Rh1 Qc7 33. h5 gxh5 34. Rxh5 Qc2 35. Rh1
Qxd3 36. Bxd3 b5 37. axb5 Nxb5 38. Rc1 Na3 39. Rc3 Bb4 40. Rc6 Kf8 41. g5 Ng8
42. g6 Ne7 43. Ra6 fxg6 44. Ng5 Bc3 45. Nxe6+ Kf7 46. Nc5 Rc8 47. e6+ Kg8 48.
Ra7 Nc6 49. Rd7 Nxd4 50. e7 Nc6 51. Bxg6 1-0

[Event "TCh-CHN Division A 2014"]
[Site "Jiangmen CHN"]
[Date "2014.04.13"]
[Round "2.1"]
[White "Xiu, Deshun"]
[Black "Zhou, Jiangnan"]
[Result "0-1"]
[WhiteTitle "GM"]
[WhiteElo "2553"]
[BlackElo "2100"]
[WhiteTeam "Beijing"]
[BlackTeam "Qingdao Qingwei"]
[WhiteFideId "8603693"]
[BlackFideId "8609918"]
[EventDate "2014.04.12"]

1. Nf3 Nf6 2. c4 g6 3. Nc3 Bg7 4. e4 d6 5. d4 O-O 6. Be2 c5 7. O-O cxd4 8. Nxd4
Bd7 9. Be3 Nc6 10. Nc2 Qa5 11. f3 Rfc8 12. Qd2 Ne5 13. b4 Qc7 14. Na3 a5 15. b5
Be6 16. b6 Qd7 17. Nd5 Bxd5 18. cxd5 Qa4 19. Nb5 Nc4 20. Bxc4 Rxc4 21. Nc7 Rc8
22. Rac1 Rxc1 23. Rxc1 Nd7 24. Qc2 Qa3 25. Qb3 Qb2 26. Rc2 Qa1+ 27. Rc1 Qb2 28.
Qxb2 Bxb2 29. Rb1 Ba3 30. Rb5 Bc5 31. Bxc5 dxc5 32. Kf2 c4 33. Ke2 Nxb6 34. Rxb6
Rxc7 35. Kd2 c3+ 36. Kc2 a4 37. Rb4 f5 38. Rxa4 fxe4 39. fxe4 Kf7 40. Rb4 Kf6
41. Rb3 Rc4 42. Rb6+ Ke5 43. Re6+ Kd4 44. Rxe7 Ra4 45. Kb3 Rc4 46. Kc2 Ra4 47.
d6 Rxa2+ 48. Kb1 c2+ 49. Kc1 Kd3 50. Rc7 Ra1+ 51. Kb2 Rb1+ 52. Ka2 Kxe4 53. Rxc2
Rd1 54. Rc7 Rxd6 55. Rxh7 Rd2+ 56. Kb1 Rxg2 57. h4 Rh2 58. Rxb7 Kf5 59. Rh7 g5
60. Kc1 Rxh4 61. Rf7+ Kg6 62. Rd7 Re4 63. Kd2 g4 64. Kd3 Re6 65. Rd5 g3 66. Ra5
Kf6 67. Kd2 Re4 68. Ra3 Rg4 69. Ra1 g2 70. Rg1 Kg5 71. Ke3 Kh4 72. Kf2 Kh3 73.
Ra1 Kh2 0-1

[Event "TCh-CHN Division A 2014"]
[Site "Jiangmen CHN"]
[Date "2014.04.13"]
[Round "2.1"]
[White "Wang, Yiye"]
[Black "Yu, Chaojie"]
[Result "1-0"]
[WhiteTitle "IM"]
[WhiteElo "2422"]
[BlackElo "2107"]
[WhiteTeam "Beijing"]
[BlackTeam "Qingdao Qingwei"]
[WhiteFideId "8606021"]
[BlackFideId "8608555"]
[EventDate "2014.04.12"]

1. e4 c5 2. Nf3 d6 3. Nc3 e5 4. a3 Nc6 5. Rb1 Nf6 6. b4 cxb4 7. axb4 Bg4 8. h3
Bxf3 9. Qxf3 Nd4 10. Bb5+ Nxb5 11. Nxb5 a6 12. Nc3 Be7 13. Qd3 O-O 14. O-O Qd7
15. b5 Rfd8 16. bxa6 bxa6 17. Ba3 Bf8 18. Rb6 d5 19. Rxf6 gxf6 20. Nxd5 Kh8 21.
Bxf8 Rxf8 22. Qf3 Qd6 23. Nxf6 Qe6 24. Nd5 Rac8 25. Qd3 Rfd8 26. c4 f6 27. Qc3
Qd6 28. Kh1 Qc5 29. d3 Rxd5 30. exd5 Qxd5 31. f4 1-0

[Event "TCh-CHN Division A 2014"]
[Site "Jiangmen CHN"]
[Date "2014.04.13"]
[Round "2.1"]
[White "Yang, Yingxia"]
[Black "Song, Yuxin"]
[Result "1-0"]
[WhiteElo "1827"]
[BlackElo "1685"]
[WhiteTeam "Qingdao Qingwei"]
[BlackTeam "Beijing"]
[WhiteFideId "8609837"]
[BlackFideId "8614300"]
[EventDate "2014.04.12"]

1. d4 Nf6 2. c4 c5 3. e3 e6 4. Nc3 Na6 5. Nf3 d6 6. Bd3 g6 7. O-O Bg7 8. Qe2 O-O
9. Rd1 Qb6 10. Bc2 Bd7 11. Rb1 Rfd8 12. h3 Bc6 13. d5 exd5 14. cxd5 Bd7 15. e4
Re8 16. Nd2 Nb4 17. Bb3 Qc7 18. a3 Na6 19. Bc4 Qb6 20. Bd3 Bf8 21. Nc4 Qd8 22.
Bg5 h6 23. Bf4 Qb8 24. Ne3 Nc7 25. b4 cxb4 26. axb4 b5 27. Qd2 Kh7 28. Nc2 Qb7
29. Re1 Rac8 30. Be3 a6 31. Bd4 Nh5 32. g4 Ng7 33. Qf4 Na8 34. Qxf7 Bc6 35. Qf6
Qe7 36. Qxe7 Bxe7 37. dxc6 Rxc6 38. Bxg7 Kxg7 39. Nd5 Bd8 40. Nd4 Rc8 41. Ra1
Nb6 42. Nxb6 Bxb6 43. Ne2 Rf8 44. Rf1 Rf3 45. Rxa6 Bxf2+ 46. Rxf2 Rxd3 47. Ra7+
Kg8 48. Nf4 Rd1+ 49. Kg2 g5 50. Ng6 Re8 51. Rff7 Rd2+ 52. Kf3 Rd3+ 53. Ke2 Rxe4+
54. Kxd3 Re7 55. Raxe7 d5 56. Rg7# 1-0

[Event "TCh-CHN Division A 2014"]
[Site "Jiangmen CHN"]
[Date "2014.04.13"]
[Round "2.1"]
[White "Lv, Jingen"]
[Black "Wang, Jue"]
[Result "0-1"]
[BlackTitle "WGM"]
[WhiteElo "1823"]
[BlackElo "2353"]
[WhiteTeam "Qingdao Qingwei"]
[BlackTeam "Beijing"]
[WhiteFideId "8610509"]
[BlackFideId "8604070"]
[EventDate "2014.04.12"]

1. e4 c5 2. Nf3 d6 3. d4 cxd4 4. Nxd4 Nf6 5. Nc3 a6 6. Bg5 e6 7. f4 h6 8. Bxf6
Qxf6 9. Qd2 Nc6 10. Nf3 Qd8 11. Be2 Be7 12. a3 b5 13. Qe3 Rb8 14. O-O Qb6 15.
Qxb6 Rxb6 16. Rfd1 Bb7 17. f5 O-O 18. Kf2 Ne5 19. Nd4 Bc8 20. g4 Bd7 21. Kg3 g5
22. Rf1 Bf6 23. Rad1 Nc4 24. Na4 Rbb8 25. Rf2 Ne3 26. Rd3 bxa4 27. Rxe3 Bxd4 28.
Rd3 Bxf2+ 29. Kxf2 Bb5 0-1

[Event "TCh-CHN Division A 2014"]
[Site "Jiangmen CHN"]
[Date "2014.04.13"]
[Round "2.2"]
[White "Zhao, Yuanhe"]
[Black "Lou, Yiping"]
[Result "0-1"]
[BlackTitle "IM"]
[WhiteElo "2137"]
[BlackElo "2461"]
[WhiteTeam "Chengdu"]
[BlackTeam "Shanghai"]
[WhiteFideId "8609497"]
[BlackFideId "8603928"]
[EventDate "2014.04.12"]

1. d4 Nf6 2. c4 g6 3. Nc3 d5 4. Bf4 Bg7 5. Nf3 O-O 6. Rc1 Nh5 7. Be5 f6 8. Bg3
Nxg3 9. hxg3 c6 10. e3 Qa5 11. cxd5 cxd5 12. Be2 Nc6 13. O-O Kh8 14. a3 Be6 15.
Na4 Qd8 16. b4 Qd6 17. Qb3 Bg8 18. Bb5 Rfc8 19. Nc5 Nd8 20. Rc2 e5 21. Rfc1 Rc7
22. Qa4 Re7 23. Bf1 e4 24. Nd2 f5 25. Ncb3 Be6 26. Nc5 Bf7 27. Ncb3 Bf6 28. Rc8
Rxc8 29. Rxc8 b6 30. Qa6 Be6 31. Rc3 g5 32. Qe2 Kg7 33. Qe1 h5 34. f4 exf3 35.
Nxf3 Nf7 36. Nbd2 Bd7 37. Be2 f4 38. gxf4 gxf4 39. Nf1 Nh6 40. Qd2 Bg4 41. Bd1
Bxf3 42. Bxf3 Nf5 43. Rd3 fxe3 44. Nxe3 Rxe3 45. Rxe3 Bxd4 0-1

[Event "TCh-CHN Division A 2014"]
[Site "Jiangmen CHN"]
[Date "2014.04.13"]
[Round "2.2"]
[White "Liu, Guanchu"]
[Black "Zhou, Jianchao"]
[Result "0-1"]
[WhiteTitle "IM"]
[BlackTitle "GM"]
[WhiteElo "2409"]
[BlackElo "2590"]
[WhiteTeam "Chengdu"]
[BlackTeam "Shanghai"]
[WhiteFideId "8603901"]
[BlackFideId "8603537"]
[EventDate "2014.04.12"]

1. e4 e5 2. Nf3 Nc6 3. Bb5 a6 4. Bxc6 dxc6 5. O-O Qf6 6. d4 exd4 7. Bg5 Qd6 8.
Nxd4 Be7 9. Bxe7 Nxe7 10. Nc3 Bd7 11. Nde2 O-O-O 12. Qd4 Qxd4 13. Nxd4 c5 14.
Nde2 Bc6 15. Ng3 h5 16. Rfd1 h4 17. Nf1 f5 18. f3 Rd4 19. exf5 h3 20. Ng3 hxg2
21. Nce4 Rf8 22. c3 Rxd1+ 23. Rxd1 Nxf5 24. Nxf5 Rxf5 25. Kxg2 Bxe4 26. fxe4 Rf4
27. Rd5 Rxe4 28. Kf3 Re1 29. Rxc5 Rb1 30. b4 Rb2 31. Rg5 Rxh2 32. Rxg7 Rc2 33.
Rg8+ Kd7 34. Rg7+ Kc6 35. Rg6+ Kb5 36. Rg5+ Kc4 37. Rc5+ Kd3 38. Rxc7 b5 39. Rc6
Rxa2 40. Kf4 Re2 41. Kf5 Re1 0-1

[Event "TCh-CHN Division A 2014"]
[Site "Jiangmen CHN"]
[Date "2014.04.13"]
[Round "2.2"]
[White "Li, Di"]
[Black "Ni, Hua"]
[Result "0-1"]
[WhiteTitle "FM"]
[BlackTitle "GM"]
[WhiteElo "2209"]
[BlackElo "2677"]
[WhiteTeam "Chengdu"]
[BlackTeam "Shanghai"]
[WhiteFideId "8607508"]
[BlackFideId "8601160"]
[EventDate "2014.04.12"]

1. d4 Nf6 2. c4 e6 3. g3 d5 4. Nf3 dxc4 5. Bg2 Bb4+ 6. Nc3 Nc6 7. O-O O-O 8. Bg5
h6 9. Bxf6 Qxf6 10. e3 Rb8 11. Ne4 Qe7 12. a3 Bd6 13. Nfd2 b5 14. Nxd6 Qxd6 15.
Ne4 Qe7 16. Nc5 Ne5 17. a4 Nd7 18. Nxd7 Bxd7 19. axb5 Bxb5 20. Rxa7 c3 21. Re1
cxb2 22. Qc2 Qb4 23. Rb1 Bc4 24. Ra4 Qxa4 25. Qxa4 Bd3 26. Qd1 Bxb1 27. Qxb1 Rb3
28. Be4 Rfb8 29. Qa2 b1=Q+ 30. Bxb1 Rxb1+ 31. Kg2 c5 32. dxc5 Rc1 33. h4 Rxc5
34. Qa7 Rbc8 35. Qd7 h5 36. f4 g6 37. Kf3 R5c7 38. Qd6 Rc3 39. Qd7 Rb8 40. Qd6
Rbb3 41. Qd8+ Kg7 42. Qd4+ Kh7 43. Qf6 Rxe3+ 44. Kf2 Kg8 45. Qd8+ Kg7 46. Qd4+
e5 47. fxe5 Red3 48. Qf4 Rb2+ 49. Ke1 Ra3 50. Qc1 Rba2 51. Qf4 Rh2 0-1

[Event "TCh-CHN Division A 2014"]
[Site "Jiangmen CHN"]
[Date "2014.04.13"]
[Round "2.2"]
[White "Zhang, Xiaowen"]
[Black "Ren, Xiaoyi"]
[Result "1-0"]
[WhiteTitle "WGM"]
[WhiteElo "2355"]
[BlackElo "2130"]
[WhiteTeam "Shanghai"]
[BlackTeam "Chengdu"]
[WhiteFideId "8603219"]
[BlackFideId "8608709"]
[EventDate "2014.04.12"]

1. e4 g6 2. d4 Bg7 3. Nf3 d6 4. h3 Nf6 5. Bd3 a6 6. O-O O-O 7. Re1 c5 8. c3 Nc6
9. Nbd2 Nd7 10. d5 Nce5 11. Nxe5 Nxe5 12. Bf1 b5 13. f4 Nd7 14. Nf3 Nb6 15. Be3
e6 16. dxe6 Bxe6 17. Qd2 Bc4 18. b3 Bxf1 19. Rxf1 Re8 20. Rad1 Rc8 21. e5 dxe5
22. Qxd8 Rcxd8 23. Rxd8 Rxd8 24. Bxc5 Nd7 25. Rd1 Bf6 26. Bb4 e4 27. Ng5 e3 28.
Kf1 Nb6 29. Rxd8+ Bxd8 30. Ba5 Bc7 31. g3 Kf8 32. Ke2 Ke7 33. Ne4 f5 34. Nc5 Nd5
35. Bxc7 Nxc7 36. Kxe3 Nd5+ 37. Kd4 Nf6 38. Nd3 Kd6 39. c4 bxc4 40. bxc4 a5 41.
a4 Ne4 42. g4 Ng3 43. c5+ Ke6 44. g5 Nf1 45. Kc4 Nd2+ 46. Kb5 Nb3 47. Kb6 Kd7
48. Ne5+ Kc8 49. Nc4 Nd4 50. c6 Ne6 51. Nd6+ Kb8 52. Nb5 Kc8 53. h4 1-0

[Event "TCh-CHN Division A 2014"]
[Site "Jiangmen CHN"]
[Date "2014.04.13"]
[Round "2.2"]
[White "Ju, Wenjun"]
[Black "Li, Yunshan"]
[Result "1-0"]
[WhiteTitle "WGM"]
[BlackTitle "WFM"]
[WhiteElo "2582"]
[BlackElo "1951"]
[WhiteTeam "Shanghai"]
[BlackTeam "Chengdu"]
[WhiteFideId "8603006"]
[BlackFideId "8607664"]
[EventDate "2014.04.12"]

1. c4 c6 2. e4 d5 3. exd5 cxd5 4. d4 Nf6 5. Nc3 Nc6 6. Bg5 e6 7. Nf3 Be7 8. Be2
O-O 9. O-O b6 10. Ne5 Bb7 11. Bf3 Na5 12. Re1 Rc8 13. cxd5 Nxd5 14. Bxd5 Bxg5
15. Bxb7 Nxb7 16. d5 Qd6 17. dxe6 fxe6 18. Qg4 Bf4 19. Rad1 Qe7 20. Rd7 Qf6 21.
Nd3 Nc5 22. Nxc5 Rxc5 23. Rxe6 Qg5 24. Qxg5 Bxg5 25. g3 Bf6 26. Rxa7 Bd4 27. Re2
Rcf5 28. Ne4 Ra5 29. Rxa5 bxa5 30. Rd2 Be5 31. b3 Ra8 32. Rd5 Bb2 33. a4 Ba3 34.
Nd2 Bb4 35. Nc4 Kf7 36. Kg2 Ra6 37. Rb5 Ke6 38. g4 Ra7 39. h4 g6 40. f4 Kf6 41.
Kf3 Be1 42. h5 gxh5 43. Rxh5 Kg7 44. Rb5 Bb4 45. Ke4 Ra6 46. Rb7+ Kg8 47. f5 Rc6
48. g5 h5 49. Rb8+ Kh7 50. f6 Re6+ 51. Kf5 1-0

[Event "TCh-CHN Division A 2014"]
[Site "Jiangmen CHN"]
[Date "2014.04.13"]
[Round "2.3"]
[White "Ma, Qun"]
[Black "Zvjaginsev, Vadim"]
[Result "1/2-1/2"]
[WhiteTitle "GM"]
[BlackTitle "GM"]
[WhiteElo "2621"]
[BlackElo "2655"]
[WhiteTeam "Tianjing"]
[BlackTeam "Chongqing"]
[WhiteFideId "8603154"]
[BlackFideId "4113403"]
[EventDate "2014.04.12"]

1. e4 e6 2. d4 d5 3. Nc3 Nf6 4. Bg5 Be7 5. e5 Nfd7 6. h4 h6 7. Bxe7 Qxe7 8. Qd2
O-O 9. f4 c5 10. Nf3 Nc6 11. O-O-O cxd4 12. Nxd4 f6 13. exf6 Qxf6 14. g3 Nxd4
15. Qxd4 Qxd4 16. Rxd4 Nf6 17. Bd3 Bd7 18. Rg1 Bc6 19. Kd2 Rae8 20. Re1 Kf7 21.
b4 Rg8 22. b5 Bd7 23. Re5 Ng4 24. Re1 Nf6 25. Ra4 a6 26. Ra5 axb5 27. Nxb5 Ra8
28. Nd6+ Ke7 29. Nxb7 Rxa5 30. Nxa5 Ra8 31. Nb7 Bc8 32. Nc5 Kd6 33. Nb3 Rxa2 34.
Nd4 Bd7 35. Nf3 Be8 36. Rb1 Kc7 37. Ke3 Ra4 38. Ne5 Nd7 39. Nxd7 Bxd7 40. Kf3 1/2-1/2

[Event "TCh-CHN Division A 2014"]
[Site "Jiangmen CHN"]
[Date "2014.04.13"]
[Round "2.3"]
[White "Savchenko, Boris"]
[Black "Wang, Chen"]
[Result "1-0"]
[WhiteTitle "GM"]
[BlackTitle "IM"]
[WhiteElo "2598"]
[BlackElo "2508"]
[WhiteTeam "Tianjing"]
[BlackTeam "Chongqing"]
[WhiteFideId "4147332"]
[BlackFideId "8601020"]
[EventDate "2014.04.12"]

1. d4 d5 2. c4 e6 3. Nf3 Nf6 4. Nc3 g6 5. Bf4 Bg7 6. cxd5 Nxd5 7. Bg5 f6 8. Bc1
c5 9. e4 cxd4 10. Nxd4 Nc7 11. Be3 O-O 12. Qb3 Qe7 13. Rc1 Nba6 14. Ncb5 Kh8 15.
h4 e5 16. Nf3 Be6 17. Bc4 Bxc4 18. Rxc4 Nxb5 19. Qxb5 Rfc8 20. h5 g5 21. O-O
Rxc4 22. Qxc4 Nc7 23. Rd1 Bf8 24. Nh2 Ne6 25. Nf1 a6 26. Bb6 Qe8 27. Rc1 Nf4 28.
Ng3 Nxh5 29. Nxh5 Qxh5 30. Qc7 Re8 31. Qxb7 Qg6 32. Rc7 h5 33. Be3 Bg7 34. b4 h4
35. Rc8 Rxc8 36. Qxc8+ Kh7 1-0

[Event "TCh-CHN Division A 2014"]
[Site "Jiangmen CHN"]
[Date "2014.04.13"]
[Round "2.3"]
[White "Huang, Qian"]
[Black "Ni, Shiqun"]
[Result "1-0"]
[WhiteTitle "WGM"]
[BlackTitle "WIM"]
[WhiteElo "2464"]
[BlackElo "2262"]
[WhiteTeam "Chongqing"]
[BlackTeam "Tianjing"]
[WhiteFideId "8602689"]
[BlackFideId "8608466"]
[EventDate "2014.04.12"]

1. Nf3 Nf6 2. c4 g6 3. b3 Bg7 4. Bb2 O-O 5. e3 b6 6. Be2 Bb7 7. O-O d6 8. d4
Nbd7 9. Nc3 e5 10. d5 Ne8 11. b4 a5 12. a3 f5 13. Qc2 Qe7 14. Nd2 h5 15. Nb3 h4
16. h3 e4 17. Nd4 Rf7 18. Ne6 Be5 19. Nb5 Bxb2 20. Qxb2 Nf8 21. Nbd4 Ng7 22.
Nxg7 Rxg7 23. Qd2 Qe5 24. f4 exf3 25. Nxf3 Qe7 26. Bd3 axb4 27. axb4 Rxa1 28.
Rxa1 b5 29. Ra7 bxc4 30. Bxc4 Bc8 31. b5 Qe4 32. Qd3 Qe8 33. Qd4 Re7 34. Bd3 Nd7
35. Rxc7 Ne5 36. Rxe7 Nxf3+ 37. gxf3 Qxe7 38. Kf2 g5 39. b6 g4 40. fxg4 fxg4 41.
hxg4 h3 42. Kg3 h2 43. Kxh2 Qh4+ 44. Kg2 Bxg4 45. Qf4 Qh3+ 46. Kg1 Bf3 47. Qg5+
Kh8 48. Qf6+ Kg8 49. Qg5+ Kh8 50. Bf1 Qh1+ 51. Kf2 Bxd5 52. Qf6+ Kg8 53. Qg6+
Kh8 54. Qg3 Bc6 55. Qxd6 Qh4+ 56. Qg3 Qf6+ 57. Kg1 Qb2 58. Qh2+ 1-0

[Event "TCh-CHN Division A 2014"]
[Site "Jiangmen CHN"]
[Date "2014.04.13"]
[Round "2.3"]
[White "Tan, Zhongyi"]
[Black "Khotenashvili, Bela"]
[Result "1/2-1/2"]
[WhiteTitle "WGM"]
[BlackTitle "GM"]
[WhiteElo "2465"]
[BlackElo "2504"]
[WhiteTeam "Chongqing"]
[BlackTeam "Tianjing"]
[WhiteFideId "8603642"]
[BlackFideId "13602640"]
[EventDate "2014.04.12"]

1. Nf3 d5 2. d4 Nf6 3. g3 c5 4. dxc5 Qa5+ 5. Nbd2 Nc6 6. Bg2 e5 7. O-O Qxc5 8.
a3 Bf5 9. b4 Qxc2 10. Qxc2 Bxc2 11. b5 Na5 12. Nxe5 Bd6 13. Bb2 Ba4 14. Nd3 Bxb5
15. Bxf6 gxf6 16. Bxd5 Rd8 17. Be4 b6 18. Rfb1 Ba4 19. Ra2 O-O 20. Bf5 Kg7 21.
Rc1 h5 22. Rc3 Rfe8 23. Kf1 Bd1 24. Nf3 Bb3 25. Ra1 Ba4 26. Rb1 Re7 27. Nb4 Rc7
28. Rxc7 Bxc7 29. Bd3 Nb7 30. Na6 Bd6 31. Nb4 Kf8 1/2-1/2